|
|
|
|
| LEADER |
00000cam a2200000 7i4500 |
| 001 |
0000047155 |
| 005 |
20170713.0 |
| 008 |
150418 |
| 020 |
|
|
|a 9789833615032
|
| 020 |
|
|
|a 9833615007(set)
|
| 020 |
|
|
|a 9833615031
|
| 090 |
0 |
0 |
|a 959.505
|b SUL
|
| 090 |
0 |
0 |
|a HIS
|b MAL
|
| 100 |
1 |
|
|a Sulaiman Zakaria
|
| 245 |
1 |
0 |
|a Sistem pemerintahan dan pentadbiran
|c Sulaiman Zakaria
|
| 260 |
|
|
|a Johor :
|b HMA Enterprise Sdn Bhd ,
|c 2007
|
| 300 |
|
|
|a 36pg. :
|b il. Colour
|
| 490 |
1 |
|
|a Siri Malaysia negara berdaulat
|
| 650 |
|
0 |
|a Malaysia
|x History
|a 20th century
|
| 650 |
|
0 |
|a Malaysia
|x Politics and government 20th century
|
| 999 |
|
|
|a 0001140427
|b Book
|c Adult Collection
|e Cawangan Mersing
|
| 999 |
|
|
|a 0001140428
|b Book
|c Adult Collection
|e Cawangan Bukit Gambir
|
| 999 |
|
|
|a 0001140429
|b Book
|c Adult Collection
|e Cawangan Pontian
|
| 999 |
|
|
|a 0001140431
|b Book
|c Adult Collection
|e Cawangan Mersing
|
| 999 |
|
|
|a 0001140451
|b Book
|c Children Collection
|e Cawangan Taman Universiti
|
| 999 |
|
|
|a 0001140453
|b Book
|c Adult Collection
|e Cawangan Tmn. Ungku Tun Aminah
|
| 999 |
|
|
|a 0001140454
|b Book
|c Adult Collection
|e Cawangan Segamat
|
| 999 |
|
|
|a 0001140455
|b Book
|c Adult Collection
|e Cawangan Bandar Penawar
|
| 999 |
|
|
|a 0001140457
|b Book
|c Adult Collection
|e Cawangan Muar
|
| 999 |
|
|
|a 0001140459
|b Book
|c Adult Collection
|e Cawangan Tangkak
|